00146 a2200073 450000100060000010000170000624500270002326000220005022859 aSchuman, F L aInternational Politics abKogakushac1958